Statistics for Antonyms

Click here to take the quiz!

General Stats

  • This quiz has been taken 442 times
  • The average score is 7 of 15

Answer Stats

HintAnswer% Correct
politerude
87%
villianhero
85%
leastmost
84%
findlose
72%
wildtame
69%
distantnear
58%
somenone
57%
sunsetdawn
50%
freezemelt
42%
fictionfact
35%
centeredge
25%
glossydull
22%
laughweep
13%
activeidle
10%
flabbyfirm
9%

Score Distribution

Percentile by Number Answered

Percent of People with Each Score

Your Score History

You have not taken this quiz